UCSC Library OPAC

Partners in Progress: A Felicitation Volume in Honour of Vidya Jyothi Prof. V.K.Samaranayake (Record no. 23331)

MARC details
000 -LEADER
fixed length control field 00548nam a2200193Ia 4500
008 - FIXED-LENGTH DATA ELEMENTS--GENERAL INFORMATION
fixed length control field 240509s9999 xx 000 0 und d
020 ## - INTERNATIONAL STANDARD BOOK NUMBER
International Standard Book Number 9789553002075
041 ## - LANGUAGE CODE
Language code of text/sound track or separate title English
082 ## - DEWEY DECIMAL CLASSIFICATION NUMBER
Classification number 920
082 ## - DEWEY DECIMAL CLASSIFICATION NUMBER
Cutter number P16
100 ## - MAIN ENTRY--PERSONAL NAME
Personal name (Ed) WEERASOORIYA,S;WEERASINGHE,A.R.;DHARMARATNE,A.T.
245 #0 - TITLE STATEMENT
Title Partners in Progress: A Felicitation Volume in Honour of Vidya Jyothi Prof. V.K.Samaranayake
260 ## - PUBLICATION, DISTRIBUTION, ETC.
Name of publisher, distributor, etc. Colombo:Godage International Publishers Ltd.
260 ## - PUBLICATION, DISTRIBUTION, ETC.
Date of publication, distribution, etc. 2007
300 ## - PHYSICAL DESCRIPTION
Extent (Pages) 296 p.
650 ## - SUBJECT ADDED ENTRY--TOPICAL TERM
Topical term or geographic name entry element Biography
942 ## - ADDED ENTRY ELEMENTS (KOHA)
Source of classification or shelving scheme Dewey Decimal Classification
942 ## - ADDED ENTRY ELEMENTS (KOHA)
Koha item type Refrence Book
945 ## - LOCAL PROCESSING INFORMATION (OCLC)
creator borrowernumber 1
creator name Madushi Gamage
modifier borrowernumber 1
modifier name Madushi Gamage
Holdings
Withdrawn status Lost status Source of classification or shelving scheme Damaged status Not for loan Collection code Home library Current library Shelving location Date acquired Cost, normal purchase price Inventory number Total Checkouts Full call number Barcode Date last seen Price effective from Koha item type
    Dewey Decimal Classification     Reference Collection UCSC Library UCSC Library Reference Section 27/06/2024 950.00 11556   920 P16 A23384 27/06/2024 27/06/2024 Refrence Book
    Dewey Decimal Classification     Lending Collection UCSC Library UCSC Library Lending Section 27/06/2024 950.00 11557   920 P16 A23385 27/06/2024 27/06/2024 Lending Book